[Event "Catalunya-chT Gp1"]
[Site "Barcelona"]
[Date "2018.01.20"]
[Round "1.10"]
[White "Faro Larroya, Jordi"]
[Black "Sola Garcia, Manel"]
[Result "1/2-1/2"]
[WhiteElo "1864"]
[BlackElo "1933"]
[PlyCount "49"]
[EventDate "2018.01.20"]
[EventType "team-tourn"]
[EventRounds "7"]
[EventCountry "ESP"]
[SourceTitle "CBM 182 Extra"]
[Source "ChessBase"]
[SourceDate "2018.02.23"]
[SourceVersion "1"]
[SourceVersionDate "2018.02.23"]
[SourceQuality "1"]
[WhiteTeam "Barcelona Escola Escacs"]
[BlackTeam "Olot"]
[WhiteTeamCountry "ESP"]
[BlackTeamCountry "ESP"]

1. d4 g6 2. Nf3 Nf6 3. Bf4 Bg7 4. e3 d6 5. h3 0-0 6. Be2 Nbd7 7. 0-0 Nh5 8. Bh2 e5 9. dxe5 dxe5 10. Nc3 Re8 11. Qd2 f5 12. Rad1 c6 13. h4 h6 14. Qd6 Qf6 15. Qc7 Nb6 16. Rd6 Qf7 17. Qxf7+ Kxf7 18. Rfd1 Bf6 19. Ne1 Ng7 20. Nd3 e4 21. Nf4 Ne6 22. h5 Nxf4 23. Bxf4 g5 24. Bh2 Be6 25. g4 1/2-1/2